LEADER 01133nam a2200289 i 4500 001 000000151080 003 CaOOAMICUS 005 20181022163006.0 008 060621s2006 it u000 u ita u 013 $a128418 020 $a88-459-2050-X 040 $aSeMil$bita 100 1 $aPauli, Wolfgang.$0(OLS)http://semarc/name/59460 245 10$aPsiche e natura /$cWolfgang Pauli ; a cura di Giuseppe Trautteur. 260 $aMilano :$bAdelphi,$c2006. 300 $a176 p. ;$c22 cm. 490 0 $aBiblioteca Scientifica [Adelphi] ;$v40 500 $aContiene : Titoli originali e fonti ; Appendici. 700 1 $aTrautteur, Giuseppe.$0(OLS)http://semarc/name/59461 830 0$aBiblioteca scientifica ;$v40.$0(OLS)http://semarc/title/419404 850 $aSeMil 852 $aSeMil$W1$xVenegono$y1$m48 10 40 *$j103125$B103125$CSeMilBibl$Z2$F112169 $81 961 $aAcquisto: Àncora (Libreria) 996 $6020$a88-459-2050-X$9(OLS)http://semarc/number/140587 996 $6245$aPsiche e natura$9(OLS)http://semarc/title/220829 996 $6260$aMilano :$bAdelphi$9(OLS)http://semarc/publisher/30018 LEADER 01036nam a2200253 i 4500 001 000000118279 003 CaOOAMICUS 005 20250915120010.0 008 030925s1991 fr u000 u fre u 020 $a2-227-340-770 040 $aSeMil$bita 100 1 $aDelbrêl, Madeleine,$d<1904-1964>.$0(OLS)http://semarc/name/8143 245 10$aIndivisible amour :$bpensées détachées inédites /$cMadeleine Delbrêl ; préface de Jacques Sommet. 260 $aParis :$bCenturion,$c1991. 300 $a137 p. ;$c22 cm. 700 1 $aSommet, Jacques.$0(OLS)http://semarc/name/49381 850 $aSeMil 852 $aSeMil$W1$xVenegono$y1$m2C IV 543$j256501$B73599$CSeMilBibl$Z2$F103912 $81 941 1 $a4 961 $aOmaggio: Martini Card. Carlo Maria 996 $6020$a2-227-340-770$9(OLS)http://semarc/number/102879 996 $6245$aIndivisible amour :$bpensées détachées inédites$9(OLS)http://semarc/title/173743 996 $6260$aParis :$bCenturion$9(OLS)http://semarc/publisher/32415 LEADER 00993nam a2200241 i 4500 001 000000119494 003 CaOOAMICUS 005 20031028000000.0 008 031028s1995 it u000 u ita u 013 $a92188 040 $aSeMil$bita 100 1 $aBrustolon, Andrea .$0(OLS)http://semarc/name/47309 245 10$aAlle origini della Congregazione degli Oblati di Maria Vergine /$cAndrea Brustolon. 260 $aTorino :$bLanteri,$c1995. 300 $a236 p. ;$c21 cm. 500 $aContiene : 9 Appendici. - Fondo Card. C.M. Martini. 650 4$aOblati di Maria Vergine - Storia - Origini.$0(OLS)http://semarc/subject/22386 850 $aSeMil 852 $aSeMil$W1$xVenegono$y1$m3G III 49$j74702$B74702$CSeMilBibl$Z2$F88545 $81 941 1 $a4 961 $aOmaggio: Martini Card. Carlo Maria 996 $6245$aAlle origini della Congregazione degli Oblati di Maria Vergine$9(OLS)http://semarc/title/175618 996 $6260$aTorino :$bLanteri$9(OLS)http://semarc/publisher/45288